Logo BPK

Bibliografia Prac Pracowników

Politechniki Koszalińskiej

Metoda oceny mikrogeometrii powierzchni przedmiotów będących w ruchu = (Rekord nr 6810)

Szczegóły MARC
000 -ETYKIETA REKORDU
podpole kontrolne o stałej długości 01799naa a2200265 i 4500
001 - NUMER KONTROLNY REKORDU
podpole kontrolne BPP
003 - IDENTYFIKATOR NUMERU KONTROLNEGO REKORDU
podpole kontrolne BPK
005 - DATA OSTATNIEJ MODYFIKACJI REKORDU
podpole kontrolne 20190610114327.0
008 - POLE O STAŁEJ DŁUGOŚCI - DANE KONTROLNE
podpole kontrolne o stałej długości 140714s1994 pl f |100 0 pol
040 ## - ŹRÓDŁO KATALOGOWANIA
Instytucja, która utworzyła rekord BPK
041 ## - KOD JĘZYKA
Kod języka tekstu pol
Kod języka streszczenia lub abstraktu eng
080 ## - UNIWERSALNA KLASYFIKACJA DZIESIĘTNA - UKD
UKD 621.791/.795
100 ## - NAZWA OSOBOWA
Nazwa osobowa KARPIŃSKI, Tadeusz.
Lata pracy 1970 - 1996.
Instytucja Wyższa Szkoła Inżynierska w Koszalinie - Wydział Mechaniczny,
Wydział Zakład Technologii Maszyn
245 ## - TYTUŁ/ODPOWIEDZIALNOŚĆ
Tytuł Metoda oceny mikrogeometrii powierzchni przedmiotów będących w ruchu =
Ciąg dalszy tytułu Method of evaluation of moving rough surfaces /
Pozostałe elementy strefy tytułu i oznaczenia odpowiedzialności Tadeusz Karpiński, Tadeusz Kochaniewicz, Czesław Łukianowicz.
260 ## - STREFA ADRESU WYDAWNICZEGO
Data publikacji, dystrybucji/powstania dokumentu 1994.
500 ## - UWAGI OGÓLNE
Tekst uwagi Dane z autopsji.
520 ## - UWAGA DOTYCZĄCA TREŚCI DOKUMENTU
Analiza dokumentacyjna, adnotacja itp. Opisano optyczną metodę mikrogeometrii powierzchni przedmiotów będących w ruchu. Metoda polega na pomiarze kątowego rozkładu natężenia światła rozproszonego przez powierzchnię. Opisano stanowisko badawcze służące do realizacji tej metody. Przedstawiono wyniki badań uzyskane za pomocą zbudowanego stanowiska dla obracających się powierzchni walcowych, wykonanych ze stali.
655 #0 - TERMIN INDEKSOWY - OKREŚLENIE RODZAJU/FORMY DOKUMENTU
Określnie rodzaju/formy dokumentu Materiały konferencyjne.
650 #0 - HASŁO PRZEDMIOTOWE W FORMIE NAZWY OGÓLNEJ LUB JEDNOSTKOWEJ
Nazwa ogólna lub geograficzna Inżynieria powierzchni
773 ## - TYTUŁ DOKUMENTU MACIERZYSTEGO
Wyrażenie wprowadzające W :
Tytuł Metrologia w procesach wytwarzania : V Krajowa Konferencja Naukowo-Techniczna : Forum Prac Badawczych : referaty. -
Adres wydawniczy Kraków : Instytut Obróbki Skrawaniem, 1994. -
Informacje dotyczące relacji s. 137-142
700 ## - HASŁO DODATKOWE - NAZWA OSOBOWA
Nazwa osobowa KOCHANIEWICZ, Tadeusz.
Lata pracy 1986 - 1996.
Instytucja Wyższa Szkoła Inżynierska w Koszalinie - Wydział Mechaniczny,
Wydział Zakład Technologii Maszyn
700 ## - HASŁO DODATKOWE - NAZWA OSOBOWA
Nazwa osobowa ŁUKIANOWICZ, Czesław.
Lata pracy 1973 - 1996.
Instytucja Wyższa Szkoła Inżynierska w Koszalinie - Wydział Mechaniczny,
Wydział Zakład Technologii Maszyn
711 ## - HASŁO DODATKOWE - NAZWA IMPREZY
Nazwa imprezy Forum Prac Badawczych nt. Metrologia w procesach wytwarzania
Oznaczenie części/sekcji dzieła (5 ;
Data imprezy 1994 ;
Miejsce imprezy Kraków, Polska).
942 ## - HASŁO DODATKOWE - ELEMENTY(KOHA)
Typ dokumentu Artykuł
Schemat klasyfikacji Uniwersalna klasyfikacja dziesiętna
Egzemplarze
Wycofany Zagubiony Uszkodzony Dostępność Lokalizacja stała Lokalizacja bieżąca Sygnatura Typ dokumentu
      Dostępny Bibliografia Prac Pracowników - BPK Bibliografia Prac Pracowników - BPK 102736 Artykuł
© 2014 Biblioteka Politechniki Koszalińskiej :: BIBLIOGRAFIA PRAC PRACOWNIKÓW